Nemecké nárečie Dobšinej príspevok k výskumu zanikania nárečí enkláv

Bibliographic Details
Main Author: Valiska, Juraj, 1926-2008 (Author)
Format: Book
Language:Slovak
German
PhysicalDescription:312 strán fotografie, ilustrácie 21 cm
Published: V Rimavskej Sobote Gemerská vlastivedná spoločnosť 1980
Series:Gemerské vlastivedné pohľady
Subjects:

MARC

LEADER 00000cam a2200000 a 4500
001 vtls001100395
003 SK-MaSNL
005 20260301220122.0
008 240226s1980 xo oa frn 001 0 slo
015 |a SNBA1980 
020 |q (viazané) 
035 |a SNK000043237 
035 |a 4574BCCC-8879-4868-AE02-E5CDC0671A49 
035 |a urn:nbn:sk:snk-am00ij6n 
040 |a SNK  |b slo  |c SNK  |e AACR2 
041 0 |a slo  |a ger 
043 |a e-xo--- 
044 |a xo  |c SK 
072 7 |a 81  |x Lingvistika. Jazyky  |2 konspekt 
072 7 |a 811.112.2  |x Nemčina  |2 konspekt 
080 |a 81'28  |2 2011 
080 |a 81'282  |2 2011 
080 |a 811.112.2  |2 2011 
080 |a 81'34  |2 2011 
080 |a 81`344  |2 2011 
080 |a (437.6)  |2 2001 
080 |a (048.83)  |2 2011 
080 |a (048.8)  |2 2011 
100 1 |a Valiska, Juraj,  |d 1926-2008  |4 aut  |9 49665 
245 1 0 |a Nemecké nárečie Dobšinej  |b príspevok k výskumu zanikania nárečí enkláv  |c Juraj Valiska 
260 |a V Rimavskej Sobote  |b Gemerská vlastivedná spoločnosť  |c 1980 
300 |a 312 strán  |b fotografie, ilustrácie  |c 21 cm 
490 1 |a Gemerské vlastivedné pohľady  |v č. 54 
500 |a Fotografie na predsádkach. Titulný dvojlist. Poznámky pod čiarou. Opravy. Zoznam skratiek na strane 257 
500 |a Vydané ako príloha časopisu Obzor Gemera 
504 |a Bibliografia na strane 249-256. Vecný register na strane 265-302. Menný register na strane 303-305. Obsahuje bibliogafické odkazy 
546 |a Súbežný text v nemčine 
650 0 7 |a dialektológia  |2 SNKPH  |9 13485 
650 0 7 |a dialekty  |2 SNKPH  |9 19030 
650 0 7 |a nemčina  |2 SNKPH  |9 1384 
650 0 7 |a fonetika  |2 SNKPH  |9 863 
650 0 7 |a fonológia  |2 SNKPH  |9 864 
651 7 |a Dobšiná (Slovensko)  |2 SNKPHgeo  |9 26940 
655 7 |a monografie  |2 SNKPH  |9 70139 
655 7 |a analýzy  |2 SNKPH  |9 22242 
752 |a Slovensko  |d Rimavská Sobota 
830 0 |a Gemerské vlastivedné pohľady  |9 267062 
852 |a Slovenská národná knižnica 
954 |a odborná, vedecká literatúra pôvodná (slovenská)  |2 lita 
958 |a RK 
958 |a TL 
958 |a NB 
958 |a OND 
958 |a EUIPO 
999 |c 930682  |d 932612 
952 |a SNK  |b SNK  |y PREZ  |7 0  |p 17A0301803  |o snkSC 51874  |i snkKSP 2553/81  |0 0  |1 0  |4 0  |d 2001-05-23  |f 1  |l 0  |r 2025-11-04 00:00:00  |w 2026-02-24 
952 |t P60, <04>, [BOOK], {604}  |a SNK  |b SNK  |y VYP  |7 0  |p 17A0427612  |o snkSC 51874 D1  |i snkKSP 2554/81  |0 0  |1 0  |4 0  |d 2004-05-06  |l 0  |r 2004-12-31 00:00:00  |w 2026-02-24